| 000 | 00528nam a22001817a 4500 | ||
|---|---|---|---|
| 005 | 20260105161426.0 | ||
| 008 | 260105b |||||||| |||| 00| 0 eng d | ||
| 040 | _cHDL | ||
| 041 | _aeng | ||
| 084 | _a791.430954 P9 | ||
| 100 |
_aDeshpande, Anirudh _9861966 |
||
| 245 |
_aClass power consciousness : _bin Indian cinema and television / |
||
| 260 |
_aDelhi, _bPrimus Books, _c2009. |
||
| 300 | _axvii, p.169. | ||
| 650 |
_aIndian cinema _9861967 |
||
| 650 |
_aTelevision _9861968 |
||
| 942 |
_2CC _cTEXL _n0 |
||
| 999 |
_c1466923 _d1466923 |
||